000 00755nam a2200181Ia 4500
008 100920s9999 xx 000 0 und d
082 _b101577
_a28 व 891,43 न 07
100 _aसंपा:गुप्ता मिश्रा.
245 _aअकबर बिरबल की रोचक कहानियाँ.
260 _bअनुराग प्रकाशन,नई दिल्ली.
_c2007
300 _a160
_bसाधी
365 _b200
520 _aबा.वि.हिंदी.
630 _aअकबर बिरबल की रोचक कहानियाँ.
650 _aबा.वि.हिंदी.
730 _aअकबर बिरबल की रोचक कहानियाँ.
942 _cBOOK
999 _c742014
_d742011